000 00471cam a22001571i 4500
001 000036887
005 20200930080011.0
008 770331s1972 fr 000 f fre d
040 _aDO-SdBNP
_bspa
_cBNPHU
100 1 _aClavel, Bernard,
_d1923-
_939623
245 1 3 _aLe seigneur du fleuve :
_broman /
_cBernard Clavel.
260 _aParĂ­s :
_bRobert Laffont,
_c1972.
300 _a364 p. ;
_c20 cm.
650 4 _aNovela francesa
_91075
650 4 _aLiteratura francesa
_91074
999 _c36378
_d36378